LEADER 01119nam0-2200361---450- 001 990009682810403321 005 20130213113647.0 010 $a978.88.13.32603.6 035 $a000968281 035 $aFED01000968281 035 $a(Aleph)000968281FED01 035 $a000968281 100 $a20130213d2012----km-y0itay50------ba 101 0 $aita 102 $aIT 105 $ay-------001yy 200 1 $aDiritto urbanistico$elegislazione nazionale e regionale, piani regolatori, procedimento ablatorio, tutela giurisdizionale$fNicola Centofanti, Mirco Favagrossa, Paolo Centofanti 205 $a2.ed. 210 $a[Padova]$cCEDAM$d2012 215 $aXXII, 869 p.$d25 cm 225 1 $aSapere diritto$v2 610 0 $aUrbanistica$aLegislazione 610 0 $aEdilizia$aLegislazione 700 1$aCentofanti,$bNicola$039920 701 1$aFavagrossa,$bMirco$0519013 701 1$aCentofanti,$bPaolo$0510653 801 0$aIT$bUNINA$gRICA$2UNIMARC 901 $aBK 912 $a990009682810403321 952 $aB1 III 22$b04715$fDINST 959 $aDINST 996 $aDiritto urbanistico$9839114 997 $aUNINA LEADER 00853nam0-22003251i-450 001 990000780340403321 005 20210105103041.0 035 $a000078034 035 $aFED01000078034 035 $a(Aleph)000078034FED01 035 $a000078034 100 $a20001010d1991----km-y0itay50------ba 101 0 $aita 105 $ay-------001yy 200 1 $a<>serramento$eimmagine e progetto 210 $aMilano$cBE-MA$dc1991 215 $a101 p.$cin gran parte ill. (anche color.)$d24 cm 225 1 $aIstant book 610 0 $aPVC$aserramenti 610 0 $aSerramenti$aPVC 610 0 $aFinestra$aPVC 676 $a721.823 801 0$aIT$bUNINA$gRICA$2UNIMARC 901 $aBK 912 $a990000780340403321 952 $aTECN B 909$b3788/504$fFARBC 959 $aFARBC 996 $aSERRAMENTO$9350926 997 $aUNINA DB $aING01 LEADER 02768nam 2200541 450 001 9910466665103321 005 20200520144314.0 010 $a3-11-059372-6 010 $a3-11-059672-5 024 7 $a10.1515/9783110596724 035 $a(CKB)4100000005043756 035 $a(MiAaPQ)EBC5505592 035 $a(DE-B1597)494223 035 $a(OCoLC)1041979428 035 $a(DE-B1597)9783110596724 035 $a(Au-PeEL)EBL5505592 035 $a(CaPaEBR)ebr11605942 035 $a(EXLCZ)994100000005043756 100 $a20180921d2018 uy 0 101 0 $ager 135 $aurcnu|||||||| 181 $ctxt$2rdacontent 182 $cc$2rdamedia 183 $acr$2rdacarrier 200 14$aDas Gesetz zur Strafbarkeit der gescha?ftsma?ssigen Fo?rderung der Selbstto?tung ([Paragraph] 217 StGB n.F.) $eUntersuchung der (straf-)rechtlichen Grenzen, insbesondere von professionalisierter Suizidfo?rderung bzw. -beihilfe /$fMichael Rudlof 210 1$aBerlin ;$aBoston :$cDe Gruyter,$d[2018] 210 4$d©2018 215 $a1 online resource (xxii, 335 pages) 225 1 $aJuristische Zeitgeschichte. Abteilung 3, Beitra?ge zur modernen deutschen Strafgesetzgebung Materialien zu einem historischen Kommentar ;$vBand 47 300 $aOriginally presented as the author's thesis (doctoral)--FernUniversita?t Hagen, 2017. 311 $a3-11-059598-2 320 $aIncludes bibliographical references. 327 $tFrontmatter -- $tVorwort -- $tInhaltsverzeichnis -- $tAbkürzungsverzeichnis -- $tEinleitung - Inhalt Und Gedankengang Der Bearbeitung -- $tTeil I. Darstellung Und Untersuchung Der Rechtslage Zur (Ärztlichen) Beihilfe Zum Suizid Bis Zur Aktuellen Gesetzesänderung Mit Einführung Des § 217 STGB N.F. -- $tTeil II. Grundlegungen -- $tTeil III. Darstellung Und Untersuchung Der Rechtslage Zu Ärztlicher Beihilfe Zum Suizid Seit Der Neueinführung Von § 217 STGB N.F. Samt Folgeproblemen -- $tTeil IV. Die Wichtigsten Anwaltlichen Besonderheiten Aus Praktischer Sicht 410 0$aJuristische Zeitgeschichte.$nAbteilung 3,$pBeitra?ge zur modernen deutschen Strafgesetzgebung ;$vBand 47. 606 $aAssisted suicide$xLaw and legislation$zGermany$xCriminal provisions 606 $aEuthanasia$xLaw and legislation$zGermany 608 $aElectronic books. 615 0$aAssisted suicide$xLaw and legislation$xCriminal provisions. 615 0$aEuthanasia$xLaw and legislation 676 $a344.4304197 700 $aRudlof$b Michael$01034963 801 0$bMiAaPQ 801 1$bMiAaPQ 801 2$bMiAaPQ 906 $aBOOK 912 $a9910466665103321 996 $aDas Gesetz zur Strafbarkeit der gescha?ftsma?ssigen Fo?rderung der Selbstto?tung ( 217 StGB n.F.)$92454393 997 $aUNINA